| Tag |
First Indicator |
Second Indicator |
Subfields |
| LEADER |
00000cam a2200000 a 4500 |
| 001 |
in00000007600 |
| 005 |
20151006050047.0 |
| 008 |
880229s1986 xx a b 00010 eng d |
| 035 |
|
|
|a (OCoLC)17556715
|
| 035 |
|
|
|9 AAA2096AM
|
| 040 |
|
|
|a TXA
|c TXA
|d UtOrBLW
|
| 043 |
|
|
|a n-us-tx
|a n-us-ok
|
| 049 |
|
|
|a TXAZ [Also in] [Archives]
|c 1 [A09356219], 2 [A09356227]
|
| 099 |
|
|
|a 1986
|a Thesis
|a G984h
|
| 100 |
1 |
|
|a Guthrie, Gary W.
|
| 245 |
1 |
0 |
|a Historic preservation as a tourist attraction in three southwestern communities /
|c by Gary W. Guthrie.
|
| 264 |
|
1 |
|a [Place of publication not identified] :
|b [publisher not identified] ;
|c 1986.
|
| 300 |
|
|
|a 40 leaves :
|b illustrations ;
|c 28 cm.
|
| 336 |
|
|
|a text
|b txt
|2 rdacontent
|
| 337 |
|
|
|a unmediated
|b n
|2 rdamedia
|
| 338 |
|
|
|a volume
|b nc
|2 rdacarrier
|
| 500 |
|
|
|a Typescript (photocopy).
|
| 502 |
|
|
|b M. Ag.
|c Texas A&M University
|d 1986.
|
| 504 |
|
|
|a Bibliography: leaves 39-40.
|
| 500 |
|
|
|a "Major subject: Recreation Resources Development."
|
| 650 |
|
0 |
|a Buildings
|z Texas
|z Galveston
|x Conservation and restoration.
|
| 650 |
|
0 |
|a Buildings
|z Texas
|z Granbury
|x Conservation and restoration.
|
| 650 |
|
0 |
|a Buildings
|z Oklahoma
|z Guthrie
|x Conservation and restoration.
|
| 650 |
|
4 |
|a Major recreation and resources development.
|
| 999 |
|
|
|a MARS
|
| 999 |
f |
f |
|s ab73f294-6b9c-36e0-97ee-7bc75fc6edbf
|i 422c61da-f631-3cff-9ba5-93d7e1b4224d
|t 0
|
| 952 |
f |
f |
|p noncirc
|a Texas A&M University
|b J.J. Pickle Campus
|c High Density Repository
|s HDR
|d Remote Storage
|t 0
|e 1986 Thesis G984h
|h Other scheme
|i unmediated -- volume
|m A14839613772
|
| 998 |
f |
f |
|a 1986 Thesis G984h
|t 0
|l Remote Storage
|